000 00486nam a2200169Ia 4500
999 _c7874
_d7874
003 OSt
005 20200120153828.0
008 190216s9999||||xx |||||||||||||| ||und||
020 _a9788131761403
040 _coclc
082 _a658.45
_bGHO/B
100 _aGhosh, Meeta
_91331
245 0 _aBusiness Communication Skills /
_cMeeta Ghosh
260 _bPearson Education Asia,
_c2011.
_aDelhi:
300 _a222p
942 _cBK
_2ddc
_h658.45
_iGHO/B
_k658.45
_mGHO/B